| 000 | 00401nam a2200157Ia 4500 | ||
|---|---|---|---|
| 003 | OSt | ||
| 005 | 20230523150244.0 | ||
| 008 | 211028s2019 xx 000 0 und d | ||
| 040 | _cAIMIT LIBRARY | ||
| 041 | _aeng | ||
| 100 |
_aShenoy, U Pooja; Hemalatha, N. _g171857 _99194 |
||
| 110 |
_aHemalatha N _99195 |
||
| 245 | _aTesting for single sign-on. | ||
| 260 |
_aMangaluru _c2019 |
||
| 942 |
_2ddc _cPRO |
||
| 999 |
_c220260 _d220260 |
||